Učební pomůcky. Roč., 28. č. 1-10. 1988-1989

Bibliographic Details
Format: Book
Language:Undetermined
Published: Praha SPN 1988-1989

MARC

LEADER 00000nam a2200000 a 4500
001 vtls001358701
003 SK-MaSNL
005 20260223130217.0
008 990325suuuu xx 0 und
035 |a SNK000312229 
040 |a SNK  |b slo  |c SNK  |e AACR2 
245 1 |a Učební pomůcky. Roč., 28. č. 1-10. 1988-1989 
260 |a Praha  |b SPN  |c 1988-1989 
999 |c 548587  |d 550517 
952 |t P60, <06>, [BOOK], {606}  |a SNK  |b SNK  |y PREZ  |7 0  |p 17A0187224  |o snkČD 502/28/1988/1989  |0 0  |1 1  |4 0  |d 1999-03-25  |l 0  |r 2005-01-02 00:00:00  |w 2026-02-23